History Quiz

Random History or Country Quiz

NATO vs. Warsaw Pact Quiz Stats

 Plays Quiz Updated Jul 13, 2016

Score 0/20 Timer 03:00
1 Play Today
Country % Correct
United States
97.4%
United Kingdom
96.9%
France
96.8%
Poland
93.7%
Soviet Union
92.7%
Italy
89.6%
Belgium
84.2%
Canada
83.9%
East Germany
83.6%
Norway
82.1%
Country % Correct
Netherlands
81.4%
Denmark
80.6%
Hungary
79.4%
Romania
77.5%
Czechoslovakia
76.2%
Portugal
72.5%
Bulgaria
71.9%
Luxembourg
63.2%
Iceland
58.3%
Albania
58.2%

You're not logged in!

Compare scores with friends on all Sporcle quizzes.
OR
Log In

Sporcle TV

Today on Sporcle TV


Watch our educational content, quiz creation guides, and fun videos on Sporcle TV.

Show Comments

Extras

Top Quizzes Today


Score Distribution

Your Account Isn't Verified!

In order to create a playlist on Sporcle, you need to verify the email address you used during registration. Go to your Sporcle Settings to finish the process.

Report this User

Report this user for behavior that violates our Community Guidelines.

Details: